[Event "Europe Echecs Blitz May op"]
[Site "Europe Echecs INT"]
[Date "2021.05.09"]
[Round "11"]
[White "Fischler, Oscar"]
[Black "Marsac, Hugo"]
[Result "1-0"]
[WhiteElo "1866"]
[BlackElo "1658"]
[PlyCount "82"]
[EventDate "2021.05.09"]
[EventType "swiss (blitz)"]
[EventRounds "11"]
[EventCountry "FRA"]
[SourceTitle "CBM 202 Extra"]
[Source "ChessBase"]
[SourceDate "2021.07.31"]
[SourceVersion "1"]
[SourceVersionDate "2021.07.31"]
[SourceQuality "1"]

1. Nf3 c5 2. c4 Nc6 3. Nc3 g6 4. g3 Bg7 5. Bg2 Nf6 6. 0-0 0-0 7. d4 cxd4 8. Nxd4 a6 9. b3 d5 10. Nxc6 bxc6 11. Bb2 Qc7 12. cxd5 Rd8 13. Rc1 e6 14. e4 exd5 15. exd5 Bb7 16. Qc2 cxd5 17. Nxd5 Nxd5 18. Qxc7 Nxc7 19. Bxg7 Bxg2 20. Kxg2 Kxg7 21. Rxc7 Rd2 22. a4 Rb8 23. Re1 Rb6 24. Rc3 Rf6 25. Rf3 Rxf3 26. Kxf3 Rd3+ 27. Re3 Rd2 28. h4 Rb2 29. Rc3 h5 30. Ke3 a5 31. f4 Rb1 32. Kd4 Kf6 33. Kc5 Kf5 34. Kb5 Kg4 35. Kxa5 Rg1 36. Kb6 Rxg3 37. Rxg3+ Kxg3 38. a5 Kxh4 39. a6 Kg4 40. a7 h4 41. a8Q h3 1-0

[Event "Europe Echecs Blitz May op"]
[Site "Europe Echecs INT"]
[Date "2021.05.09"]
[Round "6"]
[White "Marsac, Hugo"]
[Black "Gourarier, Emmanuel"]
[Result "1-0"]
[WhiteElo "1658"]
[BlackElo "1463"]
[PlyCount "135"]
[EventDate "2021.05.09"]
[EventType "swiss (blitz)"]
[EventRounds "11"]
[EventCountry "FRA"]
[SourceTitle "CBM 202 Extra"]
[Source "ChessBase"]
[SourceDate "2021.07.31"]
[SourceVersion "1"]
[SourceVersionDate "2021.07.31"]
[SourceQuality "1"]

1. d4 g6 2. c4 Bg7 3. Nf3 Nf6 4. g3 0-0 5. Bg2 d6 6. h3 c6 7. Nc3 Re8 8. 0-0 Bf5 9. g4 Be4 10. Nxe4 Nxe4 11. Qd3 d5 12. e3 Nd7 13. cxd5 cxd5 14. Nd2 Ndf6 15. Nxe4 Nxe4 16. Bxe4 dxe4 17. Qxe4 Qb6 18. b3 e5 19. d5 Rad8 20. Rd1 Qc5 21. Bb2 Rd6 22. Rac1 Qb6 23. Ba3 Rd7 24. Qc4 Red8 25. e4 Qa5 26. Qb4 Qa6 27. Rc4 b5 28. Rc6 Qb7 29. Rdc1 a5 30. Qxa5 Ra8 31. Qb4 Bf8 32. d6 Rdd8 33. Bb2 Ra6 34. Rc7 Qb6 35. Bxe5 Bxd6 36. Bxd6 Qxd6 37. Qxd6 Raxd6 38. R1c2 Rd1+ 39. Kg2 R8d2 40. Kf3 Rd6 41. g5 Rh1 42. Kg2 Ra1 43. Rb7 Re6 44. Rcc7 Rxe4 45. Rxf7 Rxa2 46. Rg7+ Kf8 47. Rxh7 Kg8 48. Rhc7 Re8 49. Rxb5 Rf8 50. Rb6 Raxf2+ 51. Kg3 R2f3+ 52. Kg4 R8f7 53. Rxf7 Rxf7 54. Rxg6+ Kf8 55. Rf6 Ke7 56. Rxf7+ Kxf7 57. Kf5 Kg7 58. b4 Kf7 59. b5 Ke7 60. g6 Kd7 61. g7 Ke7 62. g8Q Kd7 63. Qd5+ Kc7 64. Qc6+ Kb8 65. Qd7 Ka8 66. b6 Kb8 67. Qc7+ Ka8 68. Qa7# 1-0

[Event "C'Chartres Blitz op April"]
[Site "Europe Echecs INT"]
[Date "2021.04.10"]
[Round "7"]
[White "Duquesnoy, Jean Philippe"]
[Black "Marsac, Hugo"]
[Result "0-1"]
[WhiteElo "2172"]
[BlackElo "1658"]
[PlyCount "50"]
[EventDate "2021.04.10"]
[EventType "swiss (blitz)"]
[EventRounds "11"]
[EventCountry "FRA"]
[SourceTitle "CBM 201 Extra"]
[Source "ChessBase"]
[SourceDate "2021.05.31"]
[SourceVersion "1"]
[SourceVersionDate "2021.05.31"]
[SourceQuality "1"]

1. d4 Nf6 2. Bg5 e6 3. e3 d5 4. Bd3 Be7 5. Nf3 0-0 6. 0-0 c5 7. c4 b6 8. cxd5 Nxd5 9. Bxe7 Qxe7 10. Nc3 Nf6 11. Ne4 Nbd7 12. Rc1 Bb7 13. Ng3 Rfc8 14. e4 cxd4 15. Rxc8+ Rxc8 16. Nxd4 Nc5 17. e5 Nd5 18. Nb5 Nxd3 19. Qxd3 Nf4 20. Qd6 Qxd6 21. Nxd6 Rc7 22. Nxb7 Rxb7 23. Rc1 h6 24. Ne4 Ne2+ 25. Kf1 Nxc1 0-1

[Event "C'Chartres Blitz op April"]
[Site "Europe Echecs INT"]
[Date "2021.04.10"]
[Round "1"]
[White "Lou, Yiping"]
[Black "Marsac, Hugo"]
[Result "1-0"]
[WhiteElo "2472"]
[BlackElo "1658"]
[PlyCount "53"]
[EventDate "2021.04.10"]
[EventType "swiss (blitz)"]
[EventRounds "11"]
[EventCountry "FRA"]
[SourceTitle "CBM 201 Extra"]
[Source "ChessBase"]
[SourceDate "2021.05.31"]
[SourceVersion "1"]
[SourceVersionDate "2021.05.31"]
[SourceQuality "1"]

1. e4 c5 2. Nf3 d6 3. d4 cxd4 4. Nxd4 Nf6 5. Nc3 a6 6. a4 e5 7. Nf3 Be6 8. Ng5 Be7 9. Nxe6 fxe6 10. Bc4 Qd7 11. 0-0 0-0 12. Be3 Nc6 13. h3 Rac8 14. Qe2 Na5 15. Ba2 Kh8 16. Rad1 Ne8 17. Bb6 Nc6 18. Qg4 Rf6 19. Rd2 Nc7 20. Rfd1 Rcf8 21. Qh5 Nd4 22. Rxd4 exd4 23. Bxd4 e5 24. Be3 Qc6 25. Bg5 Rxf2 26. Bxe7 R8f4 27. Rxd6 1-0

[Event "C'Chartres Blitz op April"]
[Site "Europe Echecs INT"]
[Date "2021.04.10"]
[Round "6"]
[White "Marsac, Hugo"]
[Black "Poschadel, Andreas Gregor"]
[Result "1-0"]
[WhiteElo "1658"]
[BlackElo "2030"]
[PlyCount "53"]
[EventDate "2021.04.10"]
[EventType "swiss (blitz)"]
[EventRounds "11"]
[EventCountry "FRA"]
[SourceTitle "CBM 201 Extra"]
[Source "ChessBase"]
[SourceDate "2021.05.31"]
[SourceVersion "1"]
[SourceVersionDate "2021.05.31"]
[SourceQuality "1"]

1. d4 g6 2. Nf3 Bg7 3. c4 b6 4. g3 Bb7 5. Bg2 d6 6. 0-0 Nd7 7. Nc3 e6 8. e4 Ne7 9. Be3 h6 10. Qd2 g5 11. h3 Ng6 12. Ne1 f5 13. exf5 Bxg2 14. Kxg2 exf5 15. Qd3 0-0 16. b4 c6 17. Rd1 a6 18. f4 Qf6 19. Nf3 g4 20. hxg4 fxg4 21. Nd2 Rae8 22. Rde1 Qf7 23. Nde4 Qe7 24. Bd2 Qe6 25. Nc5 Qf7 26. Nxd7 Qxd7 27. Qxg6 1-0

[Event "Cappelle Online Rapid op"]
[Site "Europe Echecs INT"]
[Date "2021.03.06"]
[Round "9"]
[White "Couche, Didier"]
[Black "Marsac, Hugo"]
[Result "1-0"]
[WhiteElo "1947"]
[BlackElo "1658"]
[PlyCount "159"]
[EventDate "2021.03.06"]
[EventType "swiss (rapid)"]
[EventRounds "9"]
[EventCountry "FRA"]
[SourceTitle "CBM 201 Extra"]
[Source "ChessBase"]
[SourceDate "2021.05.31"]
[SourceVersion "1"]
[SourceVersionDate "2021.05.31"]
[SourceQuality "1"]

1. d4 Nf6 2. c4 e6 3. Nf3 b6 4. Nc3 Bb4 5. Qb3 Bxc3+ 6. Qxc3 0-0 7. Bg5 Bb7 8. Nd2 d5 9. e3 Nbd7 10. cxd5 Bxd5 11. e4 h6 12. exd5 hxg5 13. dxe6 fxe6 14. Bc4 Re8 15. 0-0 Nd5 16. Qb3 c6 17. Rae1 Qf6 18. Ne4 Qh6 19. Qg3 b5 20. Bb3 e5 21. Nc3 Kh8 22. Nxd5 cxd5 23. Bxd5 Rad8 24. dxe5 Nb6 25. Bf7 Re7 26. e6 Nc4 27. Re4 Nd6 28. Re5 Nxf7 29. exf7 Rxf7 30. Rxb5 Qf6 31. Qxg5 Qxg5 32. Rxg5 Rd2 33. Rb5 Rc7 34. Rb8+ Kh7 35. g3 Rcc2 36. Rb7 a5 37. Rb5 a4 38. Rb4 a3 39. bxa3 Rxa2 40. a4 Ra3 41. Rf4 Rda2 42. Re1 Rxa4 43. Rxa4 Rxa4 44. Kg2 Ra2 45. Re6 g6 46. h4 Kg7 47. g4 Kf7 48. Rb6 Rc2 49. Kg3 Rc3+ 50. f3 Ra3 51. Rb5 Kf6 52. h5 gxh5 53. Rxh5 Ra1 54. Rb5 Ra3 55. g5+ Kg6 56. Kg4 Ra4+ 57. f4 Rc4 58. Rb6+ Kf7 59. g6+ Kg7 60. Kg5 Rc1 61. Rb7+ Kg8 62. f5 Rc5 63. Re7 Ra5 64. Kf6 Ra6+ 65. Re6 Ra7 66. Rb6 Ra8 67. Rd6 Rf8+ 68. Kg5 Ra8 69. Kf6 Rf8+ 70. Ke6 Re8+ 71. Kd7 Ra8 72. f6 Ra7+ 73. Ke6 Ra8 74. Ke7 Ra7+ 75. Rd7 Ra8 76. Rd8+ Rxd8 77. Kxd8 Kf8 78. Kd7 Kg8 79. Ke8 Kh8 80. f7 1-0

[Event "Cappelle Online Rapid op"]
[Site "Europe Echecs INT"]
[Date "2021.03.06"]
[Round "3"]
[White "Maillard, Xavier"]
[Black "Marsac, Hugo"]
[Result "0-1"]
[WhiteElo "1063"]
[BlackElo "1658"]
[PlyCount "134"]
[EventDate "2021.03.06"]
[EventType "swiss (rapid)"]
[EventRounds "9"]
[EventCountry "FRA"]
[SourceTitle "CBM 201 Extra"]
[Source "ChessBase"]
[SourceDate "2021.05.31"]
[SourceVersion "1"]
[SourceVersionDate "2021.05.31"]
[SourceQuality "1"]

1. c4 e5 2. Nc3 Nf6 3. g3 c6 4. Bg2 d5 5. cxd5 cxd5 6. Nf3 Nc6 7. d4 e4 8. Ne5 Bb4 9. 0-0 0-0 10. f3 Bxc3 11. bxc3 Re8 12. Bf4 exf3 13. exf3 Nh5 14. Be3 Nxe5 15. dxe5 Rxe5 16. Bd4 Re8 17. Re1 Rxe1+ 18. Qxe1 Be6 19. Qe5 Nf6 20. h3 Qd7 21. Kh2 a6 22. g4 Re8 23. Qf4 Rc8 24. Bxf6 gxf6 25. Qxf6 Qc7+ 26. f4 Qxc3 27. Qxc3 Rxc3 28. f5 Bd7 29. Bxd5 b5 30. Re1 Bc6 31. Bb3 Rd3 32. Re7 Bd5 33. f6 Rd2+ 34. Kg3 h6 35. Re8+ Kh7 36. Rd8 Rg2+ 37. Kh4 Bxb3 38. axb3 Rb2 39. Rd6 Kg6 40. Rxa6 Rxb3 41. Ra8 b4 42. Rb8 Rb1 43. Rb6 b3 44. Kg3 b2 45. Kh4 h5 46. gxh5+ Kh6 47. Rb4 Kh7 48. Rb5 Kh6 49. Rb4 Rf1 50. Rb5 b1Q 51. Rxb1 Rxb1 52. Kg4 Rf1 53. Kg3 Rxf6 54. Kg4 Rf1 55. Kg3 Kxh5 56. Kg2 Rf5 57. Kg3 f6 58. Kg2 Kh4 59. Kh2 Rf3 60. Kg2 Rxh3 61. Kf2 Kg4 62. Kg2 Rb3 63. Kf2 f5 64. Kg2 f4 65. Kf2 f3 66. Kg1 Kg3 67. Kf1 Rb1# 0-1

[Event "Cappelle Online Rapid op"]
[Site "Europe Echecs INT"]
[Date "2021.03.06"]
[Round "8"]
[White "Marsac, Hugo"]
[Black "Hamon, Christian"]
[Result "1-0"]
[WhiteElo "1658"]
[BlackElo "2015"]
[PlyCount "85"]
[EventDate "2021.03.06"]
[EventType "swiss (rapid)"]
[EventRounds "9"]
[EventCountry "FRA"]
[SourceTitle "CBM 201 Extra"]
[Source "ChessBase"]
[SourceDate "2021.05.31"]
[SourceVersion "1"]
[SourceVersionDate "2021.05.31"]
[SourceQuality "1"]

1. d4 Nf6 2. Nf3 g6 3. g3 Bg7 4. Bg2 0-0 5. c4 d5 6. h3 dxc4 7. 0-0 Nc6 8. Na3 Na5 9. Ne5 c6 10. Nexc4 Nxc4 11. Nxc4 Be6 12. b3 Bd5 13. Bb2 Bxg2 14. Kxg2 Qd5+ 15. Kh2 Rad8 16. Qc2 c5 17. dxc5 Qxc5 18. e3 Rc8 19. Qe2 b5 20. Ba3 Qc7 21. Nb2 Ne4 22. Rac1 Qb7 23. Nd3 Rxc1 24. Rxc1 Ng5 25. h4 Nf3+ 26. Kh3 g5 27. Nc5 g4+ 28. Kxg4 Ne5+ 29. Kh3 Qc8+ 30. Kg2 Qa8+ 31. f3 a6 32. Bb2 Qa7 33. Bd4 Qa8 34. Bxe5 Bxe5 35. Nd7 Qd5 36. Nxf8 Kxf8 37. Rd1 Qc5 38. Qd3 Kg7 39. g4 Qa3 40. f4 Bb2 41. Qf5 Qxa2 42. Qg5+ Kf8 43. Rd8# 1-0

[Event "Cappelle Online Rapid op"]
[Site "Europe Echecs INT"]
[Date "2021.03.06"]
[Round "5"]
[White "Remtoula, Naushad"]
[Black "Marsac, Hugo"]
[Result "0-1"]
[WhiteElo "1126"]
[BlackElo "1658"]
[PlyCount "70"]
[EventDate "2021.03.06"]
[EventType "swiss (rapid)"]
[EventRounds "9"]
[EventCountry "FRA"]
[SourceTitle "CBM 201 Extra"]
[Source "ChessBase"]
[SourceDate "2021.05.31"]
[SourceVersion "1"]
[SourceVersionDate "2021.05.31"]
[SourceQuality "1"]

1. e4 c5 2. b4 cxb4 3. a3 Nc6 4. axb4 Nxb4 5. c3 Nc6 6. Bb5 d6 7. d4 Bd7 8. Nf3 g6 9. d5 Ne5 10. Bxd7+ Nxd7 11. Qd4 Ngf6 12. Rxa7 Bg7 13. Qa4 0-0 14. 0-0 Nc5 15. Rxa8 Qxa8 16. Qxa8 Rxa8 17. Nbd2 Nfxe4 18. c4 Ra1 19. Nxe4 Nxe4 20. Be3 Rxf1+ 21. Kxf1 h6 22. Bd4 Bxd4 23. Nxd4 Kf8 24. Ke2 Ke8 25. Kd3 Nc5+ 26. Ke2 Kd7 27. f4 e6 28. dxe6+ fxe6 29. g4 Ke7 30. h4 e5 31. fxe5 dxe5 32. Nf3 Ke6 33. h5 gxh5 34. gxh5 Kf5 35. Nd4+ exd4 0-1